[Event "Mecklenburg VP U18"]
[Site "Malchow"]
[Date "2016.02.02"]
[Round "7.9"]
[White "Dorendorf, Lena"]
[Black "Karberg, Willi"]
[Result "1-0"]
[WhiteElo "1101"]
[BlackElo "1187"]
[PlyCount "71"]
[EventDate "2016.02.02"]
[EventType "swiss"]
[EventRounds "7"]
[EventCountry "GER"]
[SourceTitle "EXT 2024"]
[Source "ChessBase"]
[SourceDate "2023.10.10"]
[SourceVersion "1"]
[SourceVersionDate "2023.10.10"]
[SourceQuality "1"]

1. e4 e5 2. Nf3 Nc6 3. Nc3 Nf6 4. Bb5 a6 5. Ba4 Bc5 6. d3 d6 7. Bg5 0-0 8. Nd5 b5 9. Bxf6 gxf6 10. Bb3 f5 11. a3 Na5 12. Ba2 c6 13. Ne3 Bxe3 14. fxe3 fxe4 15. dxe4 Nc4 16. Bxc4 bxc4 17. Qd2 Kh8 18. Qf2 Rg8 19. Rg1 Qe7 20. h3 f5 21. exf5 Bxf5 22. c3 Raf8 23. Qh4 Qxh4+ 24. Nxh4 Bxh3 25. 0-0-0 d5 26. gxh3 Rxg1 27. Rxg1 Rf6 28. Rg3 e4 29. Kc2 Rf2+ 30. Kc1 c5 31. Rg2 Rf6 32. Rg5 Rf1+ 33. Kc2 Rh1 34. Rxd5 Rxh3 35. Nf5 Rf3 36. Rd8# 1-0

[Event "Mecklenburg VP-ch U16 Girls"]
[Site "Malchow"]
[Date "2015.02.??"]
[Round "1.1"]
[White "Dorendorf, Lena"]
[Black "Schumann, Rabea"]
[Result "0-1"]
[WhiteElo "1147"]
[BlackElo "1793"]
[PlyCount "66"]
[EventDate "2015.02.04"]
[EventType "tourn"]
[EventRounds "7"]
[EventCountry "GER"]
[SourceTitle "EXT 2022"]
[Source "ChessBase"]
[SourceDate "2021.10.06"]
[SourceVersion "1"]
[SourceVersionDate "2021.10.06"]
[SourceQuality "1"]

1. e4 c6 2. d4 d5 3. Nc3 dxe4 4. Nxe4 Nd7 5. Nf3 Ngf6 6. Nxf6+ Nxf6 7. Bg5 h6 8. Bh4 e6 9. Bc4 Be7 10. Qd3 a5 11. c3 b5 12. Bb3 Rb8 13. Bc2 Nd5 14. Bxe7 Qxe7 15. Qd2 0-0 16. Ne5 Qc7 17. Qd3 g6 18. Qh3 Kg7 19. Qg3 Ne7 20. Qh3 c5 21. Nf3 cxd4 22. Nxd4 Bd7 23. Qf3 b4 24. Qd3 bxc3 25. bxc3 Rfc8 26. Ne2 Bb5 27. Qd4+ e5 28. Qe3 Nd5 29. Qf3 Bxe2 30. Kxe2 Nxc3+ 31. Ke1 Rb2 32. Qd3 Rd8 33. Qf3 Rxc2 0-1

[Event "GER-chT U14 Girls"]
[Site "Magdeburg"]
[Date "2014.06.28"]
[Round "6.2"]
[White "Koehler, Inken"]
[Black "Dorendorf, Lena"]
[Result "1-0"]
[WhiteElo "1618"]
[BlackElo "1160"]
[PlyCount "73"]
[EventDate "2013.12.27"]
[EventType "team-swiss"]
[EventRounds "4"]
[EventCountry "GER"]
[SourceTitle "EXT 2022"]
[Source "ChessBase"]
[SourceDate "2021.10.06"]
[SourceVersion "1"]
[SourceVersionDate "2021.10.06"]
[SourceQuality "1"]
[WhiteTeam "Harksheide"]
[BlackTeam "Gadebusch"]
[WhiteTeamCountry "GER"]
[BlackTeamCountry "GER"]

1. e4 e5 2. Nf3 Nc6 3. Bc4 Nf6 4. Ng5 d5 5. exd5 Nxd5 6. d4 Be6 7. Nxe6 fxe6 8. dxe5 Nxe5 9. Qh5+ Ng6 10. 0-0 Qd7 11. Bd3 Qf7 12. Re1 Ndf4 13. Bxg6 Nxh5 14. Rxe6+ Be7 15. Bxf7+ Kxf7 16. Re5 Nf6 17. Nc3 Rad8 18. Bg5 h6 19. Bh4 Rd7 20. Rae1 c6 21. f3 Re8 22. Ne4 Nxe4 23. Bxe7 Rdxe7 24. Rxe7+ Rxe7 25. Rxe4 Kf6 26. Rxe7 Kxe7 27. Kf2 Kf6 28. Ke3 Kf5 29. h4 a6 30. g4+ Ke5 31. f4+ Kf6 32. Ke4 b6 33. h5 c5 34. Kd5 b5 35. Kxc5 Ke6 36. a3 a5 37. Kxb5 1-0

[Event "Mecklenburg VP-ch U16 Girls"]
[Site "Malchow"]
[Date "2014.02.03"]
[Round "4"]
[White "Dorendorf, Lena"]
[Black "Luebbert, Charline"]
[Result "1/2-1/2"]
[WhiteElo "1152"]
[BlackElo "1261"]
[PlyCount "42"]
[EventDate "2014.02.01"]
[EventType "tourn"]
[EventRounds "7"]
[EventCountry "GER"]
[SourceTitle "EXT 2017"]
[Source "ChessBase"]
[SourceDate "2016.10.25"]
[SourceVersion "1"]
[SourceVersionDate "2016.10.25"]
[SourceQuality "1"]

1. e4 e5 2. Nf3 Nc6 3. Bc4 Nf6 4. d3 Bc5 5. Be3 Bb6 6. Nc3 d6 7. h3 Be6 8. Bb3 h6 9. 0-0 0-0 10. Re1 Ba5 11. Bd2 Ne7 12. a3 c6 13. Rc1 a6 14. Rf1 b5 15. Ne2 Bb6 16. Be3 c5 17. c4 Rc8 18. Nd2 Qc7 19. Qc2 Bd7 20. cxb5 axb5 21. Ng3 Be6 1/2-1/2

[Event "Mecklenburg VP-ch U16 Girls"]
[Site "Malchow"]
[Date "2014.02.01"]
[Round "2"]
[White "Dorendorf, Lena"]
[Black "Wagner, Swenja"]
[Result "0-1"]
[WhiteElo "1152"]
[BlackElo "1337"]
[PlyCount "54"]
[EventDate "2014.02.01"]
[EventType "tourn"]
[EventRounds "7"]
[EventCountry "GER"]
[SourceTitle "EXT 2017"]
[Source "ChessBase"]
[SourceDate "2016.10.25"]
[SourceVersion "1"]
[SourceVersionDate "2016.10.25"]
[SourceQuality "1"]

1. e4 e5 2. Nf3 Nc6 3. Bb5 Nf6 4. d3 Ne7 5. Nc3 c6 6. Ba4 Ng6 7. h3 Be7 8. d4 Qc7 9. Bb3 d6 10. Be3 0-0 11. Qd2 b5 12. a3 Bd7 13. Qd1 a5 14. Nd2 Rfb8 15. Ne2 b4 16. a4 exd4 17. Nxd4 c5 18. N4f3 Bc6 19. Ng5 Rf8 20. Bxf7+ Rxf7 21. Nxf7 Kxf7 22. Qf3 Kg8 23. h4 Rf8 24. Bf4 Nxe4 25. Nxe4 Rxf4 26. Qg3 Rxe4+ 27. Kf1 Bxh4 0-1

[Event "Mecklenburg VP-ch U12 Girls"]
[Site "Malchow"]
[Date "2011.02.14"]
[Round "5.3"]
[White "Dorendorf, Lena"]
[Black "Sadewasser, Lucie"]
[Result "0-1"]
[WhiteElo "755"]
[BlackElo "1283"]
[PlyCount "58"]
[EventDate "2011.02.14"]
[EventType "tourn"]
[EventRounds "7"]
[EventCountry "GER"]
[SourceTitle "EXT 2022"]
[Source "ChessBase"]
[SourceDate "2021.10.06"]
[SourceVersion "1"]
[SourceVersionDate "2021.10.06"]
[SourceQuality "1"]

1. e4 e5 2. Nf3 Nc6 3. Bc4 Nf6 4. Ng5 Bc5 5. Nxf7 Bxf2+ 6. Kxf2 Nxe4+ 7. Ke3 Qe7 8. Nxh8 Qc5+ 9. Kf3 Nf2 10. Bf7+ Kf8 11. Qe1 Nxh1 12. Qxh1 Nd4+ 13. Ke4 Nxc2 14. b3 Qd4+ 15. Kf3 Nxa1 16. Ba3+ d6 17. g3 Bg4+ 18. Kg2 Qe4+ 19. Kg1 Qxb1+ 20. Kg2 Qe4+ 21. Kg1 Bf3 22. Qxf3 Qxf3 23. Bb2 Nc2 24. Bc4 Ne1 25. Bf1 Nd3 26. h3 Qf2+ 27. Kh1 Qxf1+ 28. Kh2 Nf2 29. h4 Qh1# 0-1

[Event "Mecklenburg VP-ch U12 Girls"]
[Site "Malchow"]
[Date "2010.02.??"]
[Round "1.3"]
[White "Wagner, Swenja"]
[Black "Dorendorf, Lena"]
[Result "1-0"]
[WhiteElo "909"]
[BlackElo "744"]
[PlyCount "79"]
[EventDate "2010.02.10"]
[EventType "tourn"]
[EventRounds "7"]
[EventCountry "GER"]
[SourceTitle "EXT 2022"]
[Source "ChessBase"]
[SourceDate "2021.10.06"]
[SourceVersion "1"]
[SourceVersionDate "2021.10.06"]
[SourceQuality "1"]

1. e4 e5 2. Nf3 Nc6 3. Bc4 Nh6 4. Nc3 Bb4 5. d4 a6 6. Nxe5 b5 7. Nxc6 dxc6 8. Be2 0-0 9. Bh5 g6 10. Bxh6 Re8 11. Bf3 Bd7 12. 0-0 Qh4 13. Qd2 Bg4 14. Bg5 Qh5 15. Bxg4 Qxg4 16. h3 Qe6 17. Qf4 Bd6 18. e5 b4 19. exd6 cxd6 20. Ne4 d5 21. Nf6+ Kf8 22. Nxe8 Rxe8 23. Bh6+ Kg8 24. Qe5 f6 25. Qxe6+ Rxe6 26. Rfe1 Re4 27. f3 Rxd4 28. Re8+ Kf7 29. Rae1 f5 30. Bg5 Re4 31. fxe4 Kxe8 32. exf5+ Kf7 33. Re7+ Kf8 34. Rxh7 gxf5 35. Kf2 d4 36. Kf3 c5 37. Kf4 c4 38. Kxf5 c3 39. Kf6 cxb2 40. Rh8# 1-0